Leverkusen players (2010-2020) - Statistics

General Stats
  • This quiz has been taken 9 times
  • The average score is 47 of 89
Answer Stats
Rank Player Positions Nationality Matches Goals (assists) Period % Correct
1 Bernd Leno GK 233 0 (1) 2011-2018
88%
29 Heung-min Son LW 62 21 (7) 2013-2016
88%
2 Lars Bender DM 222 20 (27) 2010-2020
88%
3 Stefan Kießling ST 214 81 (31) 2010-2018
88%
18 Sven Bender DM 89 4 (1) 2017-2020
88%
19 Tin Jedvaj CB 81 3 (1) 2014-2019
88%
35 Aleksandar Dragovic CB 53 2 (1) 2016-2020
75%
44 Arturo Vidal CM 33 10 (9) 2010-2011
75%
14 Charles Aránguiz CM 111 8 (18) 2015-2020
75%
32 Chicharito ST 54 28 (6) 2015-2017
75%
86 Domagoj Vida CB 1 0 (0) 2010-2011
75%
64 Edmond Tapsoba CB 14 0 (0) 2019-2020
75%
61 Joel Pohjanpalo ST 19 7 (0) 2016-2018, 2019-2020
75%
4 Karim Bellarabi RW 169 31 (44) 2011-2013, 2014-2020
75%
17 Leon Bailey RW 89 19 (11) 2016-2020
75%
23 Lucas Alario ST 74 25 (11) 2017-2020
75%
25 Lukas Hradecky GK 66 0 (0) 2018-2020
75%
7 Ömer Toprak CB 154 5 (3) 2011-2017
75%
56 Panagiotis Retsos CB 27 1 (3) 2017-2018, 2019-2020
75%
81 Ramazan Özcan GK 3 0 (0) 2017-2019
75%
47 René Adler GK 32 0 (0) 2010-2011
75%
60 Sami Hyypiä CB 21 1 (1) 2010-2011
75%
6 Wendell LB 164 7 (12) 2014-2020
75%
65 Daley Sinkgraven LB 13 0 (1) 2019-2020
63%
45 Daniel Carvajal RB 32 1 (8) 2012-2013
63%
85 David Yelldell GK 1 0 (0) 2015-2016
63%
39 Emir Spahic CB 49 3 (1) 2013-2015
63%
21 Eren Derdiyok ST 75 14 (10) 2010-2012, 2013-2014
63%
42 Giulio Donati RB 43 0 (1) 2013-2016
63%
76 Isaac Kiese Thelin ST 6 0 (0) 2018-2019
63%
10 Jonathan Tah CB 134 4 (6) 2015-2020
63%
15 Julian Baumgartlinger DM 92 3 (4) 2016-2020
63%
5 Julian Brandt AM 165 34 (40) 2013-2019
63%
58 Kerem Demirbay CM 25 1 (5) 2019-2020
63%
36 Kevin Kampl CM 53 4 (5) 2015-2018
63%
13 Kevin Volland AM 115 44 (24) 2016-2020
63%
87 Konstantinos Stafylidis LB 1 0 (0) 2013-2014
63%
53 Moussa Diaby RW 28 5 (5) 2019-2020
63%
50 Nadiem Amiri CM 30 1 (5) 2019-2020
63%
54 Paulinho LW 28 3 (2) 2018-2020
63%
38 Renato Augusto CM 51 7 (9) 2010-2013
63%
8 Simon Rolfes DM 144 16 (13) 2010-2015
63%
11 Stefan Reinartz DM 121 9 (8) 2010-2015
63%
27 Admir Mehmedi CF 62 7 (10) 2015-2018
50%
26 André Schürrle LW 65 18 (13) 2011-2013
50%
78 Andrés Guardado CM 4 0 (0) 2013-2014
50%
33 Dominik Kohr CB 54 1 (3) 2011-2014, 2017-2019
50%
51 Emre Can DM 29 3 (3) 2013-2014
50%
79 Exequiel Palacios CM 3 0 (0) 2019-2020
50%
72 Florian Wirtz AM 7 1 (0) 2019-2020
50%
9 Gonzalo Castro CM 137 18 (42) 2010-2015
50%
62 Hajime Hosogai DM 17 0 (0) 2012-2013
50%
20 Hakan Çalhanoğlu DM 79 17 (18) 2014-2017
50%
12 Kai Havertz ST 118 36 (25) 2016-2020
50%
49 Kyriakos Papadopoulos CB 30 2 (1) 2014-2016
50%
34 Manuel Friedrich CB 54 1 (3) 2010-2013
50%
43 Michael Ballack CM 35 2 (2) 2010-2012
50%
22 Michal Kadlec CB 75 4 (10) 2010-2013
50%
40 Mitchell Weiser RB 48 2 (4) 2018-2020
50%
55 Robbie Kruse LW 28 2 (3) 2013-2016
50%
30 Sebastian Boenisch LB 60 3 (10) 2012-2016
50%
48 Tranquillo Barnetta AM 31 2 (5) 2010-2012
50%
28 Benjamin Henrichs RB 62 0 (4) 2015-2019
38%
52 Christoph Kramer DM 28 0 (3) 2015-2016
38%
24 Daniel Schwaab CB 69 0 (0) 2010-2013
38%
41 Jens Hegeler CM 45 3 (3) 2012-2014
38%
68 Nicolai Jørgensen ST 10 0 (2) 2010-2012
38%
37 Philipp Wollscheid CB 51 2 (0) 2012-2014
38%
31 Roberto Hilbert RB 58 1 (7) 2013-2017
38%
16 Sidney Sam RW 92 24 (18) 2010-2014
38%
66 Vladlen Yurchenko AM 13 1 (0) 2014-2017
38%
59 André Ramalho CB 22 0 (0) 2015-2016, 2017-2018
25%
75 Arkadiusz Milik ST 6 0 (1) 2012-2013
25%
70 Danny da Costa CB 9 0 (2) 2011-2012, 2016-2017
25%
84 Dario Kresic GK 1 0 (0) 2015-2016
25%
80 Fabian Giefer GK 3 0 (0) 2010-2012
25%
57 Josip Drmic ST 25 6 (1) 2014-2015
25%
77 Junior Fernandes LW 6 0 (1) 2012-2013
25%
73 Michael Ortega AM 7 0 (0) 2011-2012
25%
82 Michael Rensing GK 2 0 (0) 2012-2013
25%
67 Patrick Helmes ST 11 5 (1) 2010-2011
25%
83 Seung-woo Ryu AM 2 0 (0) 2013-2014
25%
74 Vedran Corluka CB 7 0 (1) 2011-2012
25%
69 Bastian Oczipka LB 9 0 (0) 2011-2012
13%
46 Hanno Balitsch DM 32 3 (1) 2010-2012
13%
63 Levin Öztunali LW 15 0 (0) 2013-2015
13%
71 Marlon Frey DM 9 0 (0) 2015-2016
13%
88 Okan Aydın AM 1 0 (0) 2012-2013
13%
89 Samed Yesil ST 1 0 (0) 2011-2012
13%
No matching quizzes found
Score Distribution
Percent of People with Each Score
Percentile by Number Answered
Your Score History
You have not taken this quiz